Curso de filosofía I

Bibliographic Details
Main Author: Valenzuela Escobar, Gustavo
Format: Section = Libro
Language:Undetermined
Spanish
Published: México McGraw-Hill 2005
Edition:2a.ed
Subjects:
LEADER 00544nam a2200217Ia 4500
008 240830s9999 xx 000 0 und d
020 |a 970-10-5397-4 
040 |a B-ESTELÍ- RUACS / 100 E74 
041 |a spa 
082 |a 100 E74 
100 1 |a Valenzuela Escobar, Gustavo 
245 1 0 |a Curso de filosofía I 
250 |a 2a.ed 
260 |a México  |b McGraw-Hill  |c 2005 
300 |a 235 p. 
650 7 |a FILOSOFIA 
650 7 |b  PROBLEMATICA FILOSOFICA 
650 7 |c  ACTIVIDAD FILOSÓFICA 
942 |c BK  |2 ddc 
991 |a TEXTO 
999 |c 10612